Normal view
MARC view
Entry Topical Term
001 - CONTROL NUMBER
- control field: 66065
003 - CONTROL NUMBER IDENTIFIER
- control field: OSt
005 - DATE AND TIME OF LATEST TRANSACTION
- control field: 20160803143140.0
008 - FIXED-LENGTH DATA ELEMENTS
- fixed length control field: 160803|| aca||aabn | a|a d
040 ## - CATALOGING SOURCE
- Original cataloging agency: OSt
- Transcribing agency: OSt
150 ## - HEADING--TOPICAL TERM
- Topical term or geographic name entry element: Travel
670 ## - SOURCE DATA FOUND
- Source citation: Work cat.: (OSt)35981: Evans, Sir Geoffrey 29272, Imphal A Flower on Lofty Heights, 1962









